000 01163nam a22002897a 4500
005 20140909102946.0
008 130821s2011 sp gr spa
020 _a9788492913862 (volumen 1)
020 _a9788492913930 (volumen 2)
040 _aCO-BoUCM
_bspa
_cJose A. Gerena (modificó)
_dAldemar Mondragón
041 0 0 _aspa
100 1 _aAnders, Günther
_d1902-1992
_928378
245 1 3 _aLa obsolescencia del hombre
_cGünther Anders ; traducción de Josep Monter Pérez
260 _aValencia (España)
_bPre-textos
_c2011
300 _a2 volúmenes
490 0 _aPre-textos
_v1111, 1104
505 _gV.1
_tSobre el alma en la época de la segunda revolución industrial
505 0 _gV.2
_tSobre la destrucción de la vida en la época de la tercera revolución industrial
650 _aHistoria universal
_916951
650 7 _aCivilización moderna
_ySiglo XX
_928380
650 7 _aCivilización
_xFilosofía
_928379
650 7 _aIndustria
_xHistoria
_928381
700 1 _aMonter Pérez, Josep
_etraductor
_928382
765 1 _tDie antiquiertheit des menschen
942 _cLIBRO
_a21
_e1
_mA544o
_2DEWEY
_h901
999 _c164619
_d164619